000 00649nam a22001937a 4500
005 20170428145850.0
010 _aENG-117983
020 _a9789386535023
_c995.00
035 _aEN-101515
037 _bDBAD/PUB
082 _a327.17095
245 _aCrisis prevention and confidence building and reconciliation /
_cedited by Gunjan
260 _aNew Delhi
_bJawahar Publishers and Distributors
_c2017
270 _a46 Samachar Apartment,Mayur Vihar-I
_bNew Delhi
_e110090
300 _avii,328p.
_c23 cm(pbk)
500 _aIncludes bibliographical references and index
700 _aGunjan
942 _2ddc
_cEN
_h327.17095
_mCRI
999 _c139355
_d139355